Informe Ferrer i Guàrdia : (Record no. 176638)

MARC details
000 -LEADER
campo de control de longitud fija 01304nam a2200349 i 4500
001 - NÚMERO DE CONTROL
campo de control 176638
003 - IDENTIFICADOR DE NÚMERO DE CONTROL
campo de control SpMaBN
005 - FECHA Y HORA DE LA ÚLTIMA TRANSACCIÓN
campo de control 20250907063131.0
008 - DATOS DE LONGITUD FIJA--INFORMACIÓN GENERAL
campo de control de longitud fija 170627s2012 sp d |||| | spa d
020 ## - NÚMERO INTERNACIONAL ESTÁNDAR DEL LIBRO
Número Internacional Estándar del Libro 9788487064784
040 ## - FUENTE DE CATALOGACIÓN
Centro/agencia transcriptor ES-MaACL
080 ## - NÚMERO DE LA CLASIFICACIÓN DECIMAL UNIVERSAL
Número de la Clasificación Decimal Universal 322.24(460)
080 ## - NÚMERO DE LA CLASIFICACIÓN DECIMAL UNIVERSAL
Número de la Clasificación Decimal Universal 348.71(460)
080 ## - NÚMERO DE LA CLASIFICACIÓN DECIMAL UNIVERSAL
Número de la Clasificación Decimal Universal 348.71(8=134)
100 1# - ENTRADA PRINCIPAL--NOMBRE DE PERSONA
Nombre de persona Illa, Oriol,
Fechas asociadas al nombre 1973-
9 (RLIN) 163273
Término indicativo de función/relación Autor
245 10 - MENCIÓN DEL TÍTULO
Título Informe Ferrer i Guàrdia :
Resto del título anuario de la laicidad 2012 /
Mención de responsabilidad, etc. [redacción, Oriol Illa y Laura Madruga].
246 34 - FORMA VARIANTE DEL TITULO
Texto de visualización Subtítulo de cubierta
Título propio/Titulo breve Monográfico laicidad en Iberoamérica
260 ## - PUBLICACIÓN, DISTRIBUCIÓN, ETC.
Lugar de publicación, distribución, etc. Barcelona :
Nombre del editor, distribuidor, etc. Fundación Ferrer Guardia,
Fecha de publicación, distribución, etc. 2012.
300 ## - DESCRIPCIÓN FÍSICA
Extensión páginas :
Otras características físicas gráficos a color ;
Dimensiones 30 cm.
490 1# - MENCIÓN DE SERIE
Mención de serie Colección pensament laic i progressista ;
Designación de volumen o secuencia 13
504 ## - NOTA DE BIBLIOGRAFÍA, ETC.
Nota de bibliografía, etc. Bibliografía: páginas 155-159.
650 #7 - PUNTO DE ACCESO ADICIONAL DE MATERIA--TÉRMINO DE MATERIA
Término de materia o nombre geográfico como elemento de entrada Laicismo-
Subdivisión geográfica España
9 (RLIN) 158232
650 #4 - PUNTO DE ACCESO ADICIONAL DE MATERIA--TÉRMINO DE MATERIA
Término de materia o nombre geográfico como elemento de entrada Iglesia y Estado-
Subdivisión geográfica España
9 (RLIN) 13555
650 #7 - PUNTO DE ACCESO ADICIONAL DE MATERIA--TÉRMINO DE MATERIA
Término de materia o nombre geográfico como elemento de entrada Iglesia y Estado-
Subdivisión geográfica América Latina
9 (RLIN) 163274
655 #7 - TERMINO DE INDIZACIÓN--GENERO/FORMA
Fuente del término tgfbne
9 (RLIN) 226822
Datos o término principal de género/forma Anuarios
700 1# - ENTRADA AGREGADA--NOMBRE PERSONAL
Nombre de persona Madruga, Laura
9 (RLIN) 163275
Término indicativo de función/relación Autor
700 1# - ENTRADA AGREGADA--NOMBRE PERSONAL
Nombre de persona Mayor Zaragoza, Federico,
9 (RLIN) 79415
Fechas asociadas al nombre 1934-2024
Término indicativo de función/relación Colaborador
852 ## - LOCALIZACIÓN
Ubicación ES-MaACL
Número de control de estantería L-31730
itemnumber 183408
Ubicación en estantería Depósito 2
Encuadernación Encuadernación rústica
942 ## - ELEMENTOS DE ENTRADA SECUNDARIOS (KOHA)
Tipo de ítem Koha Revista
Holdings
Estatus retirado Estado de pérdida Estado de daño No para préstamo Biblioteca de origen Biblioteca actual Ubicación en estantería Fecha de adquisición Fuente de adquisición Total de préstamos Signatura topográfica completa Código de barras Visto por última vez Precio de reemplazo Tipo de ítem Koha
        Biblioteca del Ateneo de Madrid Biblioteca del Ateneo de Madrid Depósito 2 27/06/2017     L-31730 1197777 23/02/2023 23/02/2023 Libro impreso